Every Kanye West Song - Statistics

General Stats
  • This quiz has been taken 21 times
    15 since last reset
  • The average score is 84 of 215
Answer Stats
# The College
Dropout
% Correct
1 Good Morning
100%
10 Bound 2
90%
2 Champion
90%
14 (B-Track, Japan Exc.) Goodnight
90%
9 Runaway
90%
5 All of theLights
80%
6 Can't Tell Me
Nothing
80%
6 Ghost Town
80%
4 Gold Digger
80%
3 Heartless
80%
12 Homecoming
80%
4 NewSlaves
80%
3 Stronger
80%
4 All Falls Down
70%
3 All Mine
70%
7 Barry Bonds
70%
2 BlackSkinhead
70%
10 Everything I Am
70%
20 Family Business
70%
9 Flashing Lights
70%
1 I ThoughtAbout Killing You
70%
4 I Wonder
70%
1 On Sight
70%
7 Robocop
70%
19 Through The Wire
70%
7 Violent Crimes
70%
2 Welcome to Heartbreak
70%
4 All of the Lights (Interlude)
60%
Back to Me
60%
13 Big Brother
60%
7 Blood on the
Leaves
60%
Carnival
60%
1 Dark Fantasy
60%
Donda
60%
8 Drunk and Hot Girls
60%
FatherStretch My Hands, pt.1
60%
5 Good Life
60%
10 Hell of a Life
60%
16 Hey Mama
60%
5 Hold MyLiquor
60%
Jail
60%
7 Jesus Walks
60%
King
60%
5 Love Lockdown
60%
1 No Church in
the Wild
60%
6 Paranoid
60%
3 POWER
60%
Stars
60%
3 Touch The Sky
60%
UltralightBeam
60%
Vultures
60%
10 Workout Plan (Skit)
60%
2 Yikes
60%
15 (B-Track) BittersweetPoetry
50%
11 Blame Game
50%
4 Closed onSunday
50%
11 Coldest Winter
50%
13 Diamonds from Sierra Leone
50%
FourFiveSeconds
50%
4 Freeee
50%
8 God Is
50%
2 Gorgeous
50%
8 Guilt Trip
50%
Hurricane
50%
3 I Am a God
50%
6 Kids SeeGhosts
50%
Lift Yourself
50%
6 Monster
50%
Moon
50%
5 No Mistakes
50%
4 Otis
50%
Problematic
50%
Pt. 2
50%
9 Roses
50%
Saint Pablo
50%
1 Say You Will
50%
15 School Spirit
50%
10 See You In My
Nightmares
50%
6 Spaceship
50%
8 StreetLights
50%
Talking
50%
13 Who willSurvive in America?
50%
Wolves
50%
11 Addiction
40%
4 Amazing
40%
9 Bad News
40%
BegForgiveness
40%
10 Bring Me Down
40%
Burn
40%
Come to Life
40%
8 Devil in aNew Dress
40%
Do It
40%
Donda Chant
40%
6 Drive Slow
40%
Famous
40%
2 Fire
40%
Fuk Sumn
40%
19 Gone
40%
Good (DontDie)
40%
14 H.A.M.
40%
2 Heard 'Em Say
40%
Hoodrat
40%
I Love it
40%
6 I'm In It
40%
1 Intro (Skit)
40%
Jail Pt.2
40%
Junya
40%
JunyaPt.2
40%
21 Late (Hidden)
40%
12 Lost in the World
40%
8 Never Let Me Down
40%
No MoreParties in LA
40%
Ok Ok
40%
Ok OkPt.2
40%
12 Pinocchio Story
40%
5 Reborn
40%
9 Send it Up
40%
12 Slow Jamz
40%
11 The Glory
40%
11 The New Workout
Plan
40%
10 Use ThisGospel
40%
1 Wake Up Mr. West
40%
7 Water
40%
4 Wouldn'tLeave
40%
30 Hours
30%
3 4thDimension
30%
13 Breathe In Breathe Out
30%
17 Celebration
30%
8 Crack Music
30%
20 Diamonds From Sierra Leone (Remix)
30%
Eazy
30%
Feedback
30%
FML
30%
3 Follow God
30%
3 Graduation Day
30%
Highlights
30%
I Love Kanye
30%
Key to My Life
30%
21 Last Call
30%
Life of the Party
30%
17 Lil Jimmy (Skit)
30%
Low Lights
30%
Off the Grid
30%
5 On God
30%
Paid
30%
Paperwork
30%
Praise God
30%
Real Friends
30%
RemoteControl
30%
RemoteControl Pt. 2
30%
16 School Spirit
(Skit 2)
30%
7 So Appalled
30%
Waves
30%
2 We Don't Care
30%
All Day
20%
7 CudiMontage
20%
1 Every Hour
20%
Facts
20%
Freestyle 4
20%
9 Get Em High
20%
Heavenand Hell
20%
5 I'll Fly Away
20%
Jesus Lord
20%
11 Jesus Is Lord
20%
2 Lift Off
20%
7 My Way Home
20%
3 N*ggas in Paris
20%
14 School Spirit
(Skit 1)
20%
14 See Me Now
20%
2 Selah
20%
Silver Surfer Intermission
20%
Tell theVision
20%
18 Two Words
20%
14 We Major
20%
12 Why I Love You
20%
24
10%
Champions
10%
6 EverythingWe Need
10%
Fade
10%
1 Feel TheLove
10%
Frank'sTrack
10%
GodBreathed
10%
5 Gotta Have It
10%
9 Hands On
10%
Keep MySpirit Alive
10%
Lord INeed You
10%
11 Made in America
10%
No ChildLeft Behind
10%
Features Paul McCartney (2014) Only One
10%
15 Primetime
10%
5 Skit No.1
10%
12 Skit No.2
10%
15 Skit No.3
10%
18 Skit No.4
10%
7 That's My B*tch
10%
True Love
10%
Wash Us InThe Blood
10%
8 Welcome to the Jungle
10%
XTCY
10%
Ye vs. The People
10%
Believe What I
Say
0%
City of gods
0%
13 Illest Motherf*cker
Alive
0%
Jesus LordPt. 2
0%
Jonah
0%
Keep MySpirit Alive pt.2
0%
10 Murder toExcellence
0%
Nah Nah Nah
0%
NeverAbandon Your Family
0%
6 New Day
0%
NewAgain
0%
Pure Souls
0%
16 The Joy
0%
Up Fromthe Ashes
0%
9 Who Gon' Stop Me
0%
No matching quizzes found
Score Distribution
Percent of People with Each Score
Percentile by Number Answered
Your Score History
You have not taken this quiz since the last reset